[Event "Orsha A 2021"]
[Site "Orsha"]
[Date "2021.04.10"]
[Round "8.7"]
[White "Sokolov, Ilia"]
[Black "Spizharny, Mikhail"]
[Result "1/2-1/2"]
[WhiteElo "1938"]
[BlackElo "2153"]
[Annotator "TA"]
[PlyCount "90"]
[EventDate "2021.04.06"]
[EventType "swiss"]
[EventCountry "BLR"]
[SourceTitle "playchess.com"]
[Source "ChessBase"]
[SourceQuality "1"]

{[%evp 17,90,-14,1,0,5,3,0,0,0,5,46,34,46,34,55,34,35,23,20,10,50,37,49,68,54,61,0,-9,93,2,20,10,58,60,73,-41,-48,-44,-41,-41,-41,-41,-36,-32,-37,-42,0,-12,0,0,0,0,0,0,0,-35,-14,-34,-39,-22,-39,-38,0,0,0,0,0,0,0,0,0,0,0,0,30]} 1. f4 Nf6 2. Nf3 g6 3. g3 Bg7 4. Bg2 O-O 5. O-O d5 6. d3 c5 7. Qe1 d4 8. c3 Nc6 9. Na3 Nd5 {[%cal Rd4c3]} 10. Bd2 {A03: Bird's Opening with 1...d5.} e5 11. Nxe5 Nxe5 12. fxe5 Bxe5 13. Nc2 Be6 14. c4 Ne7 15. b4 ({Much worse is} 15. Bxb7 Rb8 $15) 15... cxb4 $1 16. Bxb4 Qd7 17. Rb1 Rab8 $1 {[#]} 18. Qf2 $146 ({Predecessor:} 18. Ba3 Bg7 19. Qa5 b6 20. Qb5 Rfe8 21. Qxd7 Bxd7 22. Rf4 Nf5 23. Re4 {½-½ (23) Koc,P (2330)-Kosiorek,M (2360) Wisla 1998}) 18... Rfd8 19. Bc5 Nc8 20. Rb5 $36 {[%mdl 2048] White fights for an advantage.} a6 21. Rb2 b6 22. Bb4 Na7 (22... b5 $11 {keeps the balance.}) 23. Bd2 ({White should play} 23. a4 $16) 23... b5 $1 $11 24. Bf4 Qd6 (24... Bxf4 {is more complex.} 25. Qxf4 Rbc8 26. Qf6 Qd6 27. Bb7 Rb8) 25. Bxe5 Qxe5 26. cxb5 (26. a4 $1 $16) 26... Rxb5 $15 27. Rxb5 Nxb5 28. Nb4 {[#] Threatens to win with Nc6.} Rd6 {And now ...Qc5 would win.} 29. Nc6 Qe3 30. Qxe3 dxe3 31. Bf3 f5 32. a4 Nd4 33. Nxd4 Rxd4 $11 {[%mdl 4096] Endgame KRB-KRB} 34. Bc6 g5 35. a5 Rb4 36. Rc1 Rb2 37. Kf1 f4 38. gxf4 $1 gxf4 39. Bf3 $1 Ra2 40. Rc8+ {The position is equal.} Kg7 (40... Bxc8 $5 41. Bd5+ $8 {[%mdl 64] Double Attack} Kh8 42. Bxa2 Bb7 $11) 41. Rc7+ Kh8 {[#] ( -> ...Bh3+)} 42. h4 Rxa5 43. Kg2 h5 44. d4 Kg8 45. Rc6 Bd5 {Weighted Error Value: White=0.14/Black=0.13} 1/2-1/2

[Event "Orsha A 2021"]
[Site "Orsha"]
[Date "2021.04.10"]
[Round "8.8"]
[White "Elkin, Leonid"]
[Black "Poliakova, Varvara"]
[Result "1/2-1/2"]
[WhiteElo "2054"]
[BlackElo "1918"]
[Annotator "TA"]
[PlyCount "120"]
[EventDate "2021.04.06"]
[EventType "swiss"]
[EventCountry "BLR"]
[SourceTitle "playchess.com"]
[Source "ChessBase"]
[SourceQuality "1"]

{[%evp 16,120,49,21,50,51,80,74,66,67,67,75,80,52,64,-53,19,18,29,22,31,10,138,123,167,117,112,12,56,51,57,0,30,12,12,0,0,0,0,0,112,115,136,138,219,207,205,195,220,201,181,131,136,129,382,382,414,377,377,376,582,494,468,335,243,245,248,252,245,251,273,264,343,371,316,0,0,0,0,-246,0,-2,0,0,0,0,0,-53,0,0,0,0,0,0,0,0,0,0,0,0,0,0,0,0,0,0,0]} 1. d4 f5 2. g3 Nf6 3. Bg2 g6 4. Nf3 Bg7 5. c4 d6 6. O-O O-O 7. Nc3 Nc6 {7...c6 is the modern continuation.} 8. d5 Ne5 9. Qb3 Nf7 {A89: Dutch Defence: Leningrad System: 5 Nf3 0-0 6 0-0 d6 7 Nc3 Nc6.} 10. Rd1 {[#]} Nd7 $146 ({Predecessor:} 10... Rb8 11. Nd4 Re8 12. Nc6 bxc6 13. Qxb8 a6 14. dxc6 e5 15. Nd5 Nxd5 16. Bxd5 Qe7 17. Qa7 {1-0 (48) Inkaya,M (1911)-Serin,S (1719) Konya 2010}) 11. Nd4 Nc5 {White is better.} 12. Qc2 a5 13. b3 Rb8 14. a3 e5 15. Ndb5 (15. dxe6 $1 $14 Nxe6 16. Be3) 15... Nh6 ({Better is} 15... f4 $15) 16. b4 $11 axb4 17. axb4 Na6 18. Ba3 b6 (18... Bd7 $11) 19. Na7 $16 Qf6 20. Nc6 Ra8 21. Rac1 ({White should try} 21. Bb2 $16 {Threatens to win with b5.} Bb7 22. Qb3) 21... Bd7 22. Qb3 Qf7 23. e3 (23. Ra1 $14) 23... f4 24. exf4 exf4 25. Ne4 $36 {[%mdl 2048] White has the initiative.} Rae8 26. Ng5 Qf6 {[%cal Rf6g5]} 27. Ne6 Bxe6 (27... fxg3 $1 $11 28. fxg3 Qf2+ 29. Kh1 Ng4) 28. dxe6 {e7 is the strong threat.} Rxe6 {Black wants to play ...fxg3.} 29. Bd5 Kh8 (29... Nf7 $16 {was necessary.}) 30. Bxe6 $18 Qxe6 31. Bb2 Qh3 {[#] Hoping for ...f3.} 32. Bxg7+ Kxg7 33. Qf3 Ng4 34. Qg2 Qh6 {[%mdl 8192]} (34... Qxg2+ $16 35. Kxg2 fxg3) 35. h3 Nf6 36. Re1 fxg3 37. fxg3 Qg5 (37... Kg8 {keeps fighting.} 38. Ra1 Nb8 39. Nxb8 Rxb8) 38. Re7+ Kg8 39. Ra1 Nxb4 40. Nxb4 Qc5+ 41. Kh2 Qxb4 42. Rxc7 Qc3 43. Raa7 Qd4 44. Ra8 Ne8 45. Rcc8 (45. Re7 $18 Nf6 46. Qa2) 45... Rf2 $1 $11 {[#] White must now prevent ...Kg7.} 46. Rxe8+ Kg7 {And now ...Qb2 would win.} 47. Rac8 $2 Rxg2+ $2 (47... Qb2 $19 48. Qxf2 Qxf2+ 49. Kh1 Qxg3 50. Re7+ Kh6) 48. Kxg2 $19 {[%mdl 4096] Endgame KQ-KRR} d5 49. cxd5 Qxd5+ 50. Kf2 b5 51. Rb8 (51. Rc7+ $11 Kf6 52. Rf8+ Ke5 53. Re8+ Kf6 54. Rf8+ Ke5 55. Re8+ Kf6) 51... b4 (51... Kh6 $15 52. h4 b4) 52. Re7+ $11 {The position is equal.} Kf6 53. Reb7 Qd2+ 54. Kf3 Qd5+ 55. Kf2 Qf5+ 56. Kg2 {aiming for Rf8+.} Qe4+ 57. Kf2 Qd4+ 58. Kg2 Qe4+ 59. Kf2 Qd4+ 60. Kg2 Qe4+ {Black escapes into a draw.  Weighted Error Value: White=0.39/Black=0.40} 1/2-1/2

[Event "Orsha A 2021"]
[Site "Orsha"]
[Date "2021.04.11"]
[Round "9.3"]
[White "Zarubitski, Viachaslau"]
[Black "Siniauski, Artsiom"]
[Result "*"]
[WhiteElo "2456"]
[BlackElo "2277"]
[Annotator "RC"]
[PlyCount "53"]
[EventDate "2021.04.06"]
[EventType "swiss"]
[EventCountry "BLR"]
[SourceTitle "playchess.com"]
[Source "ChessBase"]
[SourceQuality "1"]
[TimeControl "5400+30"]

1. g3 {[%emt 0:01:57]} e6 {[%emt 0:04:08]} 2. Bg2 {[%emt 1:29:03]} c5 {[%emt 0:00:19]} 3. d3 {[%emt 1:29:25]} Nc6 {[%emt 0:00:17]} 4. Nd2 {[%emt 0:00:59]} d6 {[%emt 0:01:28]} 5. c3 {[%emt 0:02:08]} g6 {[%emt 0:01:28]} 6. a4 {[%emt 0:02:25]} Bg7 {[%emt 0:01:13]} 7. a5 {[%emt 0:00:29]} Nge7 {[%emt 1:24:37]} 8. Qa4 {[%emt 0:01:59]} Rb8 {[%emt 0:02:48]} 9. Qf4 {[%emt 0:16:27]} e5 {[%emt 0:08:38]} 10. Qa4 {[%emt 0:00:47]} O-O {[%emt 0:02:23]} 11. e4 {[%emt 1:07:57]} b5 {[%emt 0:03:54]} 12. axb6 {[%emt 0:00:12]} axb6 {[%emt 0:00:08]} 13. Ngf3 {[%emt 0:00:36]} Bd7 {[%emt 0:04:30]} 14. Qc2 {[%emt 1:05:54]} b5 {[%emt 0:01:22]} 15. Nf1 {[%emt 0:00:32]} Ra8 {[%emt 0:06:33]} 16. Rxa8 {[%emt 0:00:15]} Qxa8 {[%emt 0:00:04]} 17. Ne3 {[%emt 0:00:09]} Rc8 {[%emt 0:03:26]} 18. Nd2 {[%emt 0:00:22]} Be6 {[%emt 0:03:26]} 19. O-O {[%emt 0:01:43]} Qa2 {[%emt 0:02:35]} 20. f4 {[%emt 0:02:31]} Bh6 {[%emt 0:05:17]} 21. Qd1 {[%emt 0:05:04]} c4 {[%emt 0:07:22]} 22. dxc4 {[%emt 0:01:30]} Qa7 {[%emt 0:00:38]} 23. Qe2 {[%emt 0:10:01]} bxc4 {[%emt 0:01:49]} 24. Kh1 {[%emt 0:00:13]} Na5 {[%emt 0:03:39]} 25. Ng4 {[%emt 0:04:59]} Bxg4 {[%emt 0:09:05]} 26. Qxg4 {[%emt 0:00:42]} Rd8 {[%emt 0:04:20]} 27. Qh4 {[%emt 0:43:42]} *

[Event "Orsha A 2021"]
[Site "Orsha"]
[Date "2021.04.11"]
[Round "9.3"]
[White "Apryshko, Gleb"]
[Black "Vashchilov, Sergey"]
[Result "1-0"]
[WhiteElo "2391"]
[BlackElo "2172"]
[Annotator "TA"]
[PlyCount "155"]
[EventDate "2021.04.06"]
[EventType "swiss"]
[EventCountry "BLR"]
[SourceTitle "playchess.com"]
[Source "ChessBase"]
[SourceQuality "1"]

{[%evp 9,155,-5,-5,-5,0,-33,-36,-29,-45,-58,-61,-67,-58,-64,-54,-65,-56,-61,-49,-61,-47,-79,-27,-20,-23,-36,-17,-23,-18,-16,-11,-19,29,39,76,91,83,86,91,44,131,119,85,93,179,187,182,188,177,195,193,187,181,186,229,218,172,119,97,98,97,91,100,112,151,143,132,43,43,37,37,18,23,0,0,0,0,0,0,0,0,0,0,0,0,-68,-69,-76,-18,-19,0,0,0,0,18,16,16,16,18,0,23,23,23,23,23,23,31,28,27,31,29,25,58,57,71,23,23,19,103,103,129,81,140,140,140,140,140,89,325,324,322,322,291,288,280,0,202,87,245,108,225,138,29982,29983,29983,29984,29984,29985]} 1. g3 e6 2. Bg2 c5 3. d3 Nc6 4. Nd2 {[#]} d6 $146 ({Predecessor:} 4... Nf6 5. e4 d6 6. Ngf3 Be7 7. O-O O-O 8. Re1 Qc7 9. c3 e5 10. Nf1 Bg4 11. Ne3 Qd7 12. Nxg4 Qxg4 13. h3 Qd7 14. a4 h6 15. Nh4 Kh7 16. Nf5 Ng8 17. f4 Bf6 18. Ne3 exf4 19. gxf4 g6 20. Rf1 Nge7 21. Qc2 Bg7 22. f5 gxf5 23. Nxf5 Nxf5 24. Rxf5 {½-½ (24) Lukjanov,V (2171)-Eremin,M Riazan 2010}) 5. c3 g6 6. a4 {A00: Irregular Openings.} Bg7 7. a5 Nge7 8. Qa4 {Black is slightly better.} Rb8 9. Qf4 e5 10. Qa4 O-O 11. e4 b5 12. axb6 $1 axb6 13. Ngf3 Bd7 14. Qc2 b5 15. Nf1 Ra8 (15... f5 $17) 16. Rxa8 $11 Qxa8 17. Ne3 Rc8 18. Nd2 Be6 19. O-O Qa2 20. f4 Bh6 21. Qd1 c4 22. dxc4 Qa7 23. Qe2 bxc4 24. Kh1 Na5 (24... exf4 $1 $14 25. gxf4 Ne5) 25. Ng4 $1 $16 {[%cal Rg4h6]} Bxg4 26. Qxg4 Rd8 (26... exf4 $16 27. Nf3 (27. gxf4 Rf8 $16) 27... Rb8) 27. Qh4 $1 $18 {[%cal Rh4h6]} Bg7 28. f5 $1 {[%cal Rf5f6] Strongly threatening f6.} f6 29. fxg6 Nxg6 30. Qg4 Qd7 31. Qh5 Nb3 32. Bh3 Qf7 33. Nf3 (33. Nxb3 $18 cxb3 34. Qf3) 33... Nf8 $16 34. Qxf7+ Kxf7 35. Be3 Ne6 36. Rd1 Bf8 37. Bf1 $1 Rc8 38. Rd5 ({White should play} 38. Be2 $16) 38... Nbc5 $14 39. Bxc5 Nxc5 40. Bxc4 {Black must now prevent Rxc5+.} Ke7 41. Nh4 Nxe4 42. Be2 Rb8 43. Ra5 Rxb2 44. Ra7+ Kd8 $1 45. Bf3 Rb1+ 46. Kg2 Rb2+ 47. Kf1 (47. Kh1 $11 d5 48. Ra8+ Ke7 49. Kg1) 47... Nd2+ $1 $15 48. Ke2 e4 ({Black should try} 48... Nxf3+ $17 49. Kxf3 d5) 49. Bg4 $11 Nf3+ (49... Nc4+ {with more complications.} 50. Ke1 Ne5 51. Ra8+ Kc7 52. Bf5 Bh6) 50. Ke3 Nxh4 51. gxh4 {[%mdl 4096] Endgame KRB-KRB} Bh6+ (51... Rxh2 {is interesting.} 52. Ra8+ Ke7 53. Ra7+ Kd8) 52. Kxe4 Rxh2 53. h5 Bd2 54. c4 h6 (54... Rh4 {keeps more tension.} 55. Kf5 h6 56. Rg7 Bg5 57. Rh7 Bd2) 55. Rd7+ Ke8 56. Rxd6 Bc3 57. Rd3 Be5 58. c5 Rc2 {Hoping for ...Rc4+.} 59. Kd5 Rc3 60. Rd1 Rg3 61. Bf5 Ra3 62. Rg1 Rg3 63. Rb1 Ra3 (63... Rg5 $11 64. Ke6 Kd8) 64. Rb7 $16 Ra5 65. Bd7+ Ke7 {[#]} (65... Kf8 $142) 66. Bb5+ $1 Kd8 67. Kc6 Ra1 68. Kb6 (68. Rd7+ $142 Ke8 69. Bd3) 68... Rc1 $2 (68... Rd1 $16) 69. Rd7+ $18 Kc8 70. Re7 {[%cal Re7e8]} Rd1 71. Rh7 Bf4 72. Re7 {And now c6 would win.} Be5 $1 73. Rf7 (73. Re6 $18 {and White stays clearly on top.}) 73... Rd2 $2 (73... Kd8 $16 74. Kb7 Rd5) 74. Rg7 (74. Rh7 $18) 74... Bf4 (74... Kd8 $16 {might work better.} 75. Rh7 Bf4) 75. Rg6 Bg5 $2 {[%mdl 8192] [#]} (75... f5 $16 76. Rg8+ Rd8) 76. Rg8+ $1 {White mates.} Rd8 77. Ba6+ Kd7 78. c6+ {Weighted Error Value: White=0.09/Black=0.12} 1-0

[Event "Orsha A 2021"]
[Site "Orsha"]
[Date "2021.04.11"]
[Round "9.4"]
[White "Zarubitski, Viachaslau"]
[Black "Siniauski, Artsiom"]
[Result "1-0"]
[WhiteElo "2456"]
[BlackElo "2277"]
[Annotator "TA"]
[PlyCount "79"]
[EventDate "2021.04.06"]
[EventType "swiss"]
[EventCountry "BLR"]
[SourceTitle "playchess.com"]
[Source "ChessBase"]
[SourceQuality "1"]

{[%evp 14,79,25,17,30,6,12,0,12,3,11,8,13,12,22,14,26,7,24,20,118,114,98,110,115,108,102,99,122,85,94,72,132,97,95,80,105,78,71,29,65,66,112,100,105,84,187,189,184,176,173,177,175,165,181,170,159,168,526,528,860,860,844,827,1291,1284,1291,1291]} 1. e4 e6 2. d4 d5 3. Nd2 c5 4. exd5 Qxd5 5. Ngf3 cxd4 6. Bc4 Qd8 {6...Qd7 is a critical line.} 7. O-O Nc6 8. Nb3 a6 {C07: French Tarrasch: 3...c5, 4 Ngf3 and 4 exd5 Qxd5.} 9. a4 Be7 10. Qe2 Bf6 {The position is equal.} 11. Rd1 Nge7 12. c3 O-O 13. Nbxd4 Nxd4 {[#]} 14. Nxd4 $146 ({Predecessor:} 14. cxd4 b6 15. Ne5 Nd5 16. Ra3 Bb7 17. Rh3 g6 18. Bd3 Ne7 19. Qg4 Nf5 20. Bc4 {½-½ (30) Nemeth,M (2469)-Huber,M (2356) Austria 2016}) 14... Qc7 15. a5 e5 16. Nc2 h5 (16... Nc6 $11 {keeps the balance.}) 17. Be3 $16 Bg4 18. f3 Bf5 {[#] Hoping for ...Bxc2.} 19. Bb6 Qc6 {Strongly threatening ...Bxc2.} 20. Nb4 Qc8 21. Nd5 Nxd5 22. Bxd5 h4 (22... Re8 $142) 23. Qe3 Re8 24. Rd2 h3 25. g3 Be6 26. Qe4 Bxd5 27. Rxd5 Bg5 28. Rad1 f5 29. Qa4 e4 (29... Qe6 $16) 30. f4 $18 Bf6 31. Rd7 e3 32. Qb3+ Kh8 {[#] aiming for ...e2.} 33. Qd5 Qc6 34. Qxc6 bxc6 35. Re1 g5 $2 (35... Kg8 {is more resistant.} 36. Rxe3 Rxe3 37. Bxe3 Rd8 38. Rxd8+ Bxd8) 36. fxg5 {White is clearly winning.} Re7 37. Rd8+ ({Inferior is} 37. gxf6 Rxd7 38. Bxe3 (38. Rxe3 Kg8 $11) 38... Kg8 $11) 37... Rxd8 38. Bxd8 Bxg5 39. Bxe7 Bxe7 40. Rxe3 {Weighted Error Value: White=0.08/Black=0.33} 1-0

[Event "Orsha A 2021"]
[Site "Orsha"]
[Date "2021.04.11"]
[Round "9.4"]
[White "Apryshko, Gleb"]
[Black "Vashchilov, Sergey"]
[Result "*"]
[WhiteElo "2391"]
[BlackElo "2172"]
[Annotator "RC"]
[PlyCount "45"]
[EventDate "2021.04.06"]
[EventType "swiss"]
[EventCountry "BLR"]
[SourceTitle "playchess.com"]
[Source "ChessBase"]
[SourceQuality "1"]
[TimeControl "5400+30"]

1. e4 {[%emt 0:08:22]} e6 {[%emt 0:00:00]} 2. d4 {[%emt 0:00:06]} d5 {[%emt 1:31:00]} 3. Nd2 {[%emt 0:00:03]} c5 {[%emt 0:00:40]} 4. exd5 {[%emt 0:00:10]} Qxd5 {[%emt 0:00:20]} 5. Ngf3 {[%emt 0:00:05]} cxd4 {[%emt 0:00:31]} 6. Bc4 {[%emt 0:01:41]} Qd8 {[%emt 0:00:35]} 7. O-O {[%emt 0:00:13]} Nc6 {[%emt 0:00:15]} 8. Nb3 {[%emt 1:23:20]} a6 {[%emt 0:00:17]} 9. a4 {[%emt 0:00:06]} Be7 {[%emt 1:31:52]} 10. Qe2 {[%emt 0:16:57]} Bf6 {[%emt 0:08:45]} 11. Rd1 {[%emt 0:00:17]} Nge7 {[%emt 0:01:04]} 12. c3 {[%emt 0:00:30]} O-O {[%emt 0:03:12]} 13. Nbxd4 {[%emt 0:01:02]} Nxd4 {[%emt 0:00:59]} 14. Nxd4 {[%emt 0:00:11]} Qc7 {[%emt 0:00:24]} 15. a5 {[%emt 0:08:04]} e5 {[%emt 0:05:28]} 16. Nc2 {[%emt 0:19:07]} h5 {[%emt 0:24:09]} 17. Be3 {[%emt 0:03:58]} Bg4 {[%emt 0:01:56]} 18. f3 {[%emt 0:00:18]} Bf5 {[%emt 0:00:24]} 19. Bb6 {[%emt 0:01:02]} Qc6 {[%emt 0:03:52]} 20. Nb4 {[%emt 0:00:46]} Qc8 {[%emt 0:00:18]} 21. Nd5 {[%emt 0:12:31]} Nxd5 22. Bxd5 {[%emt 0:00:01]} h4 {[%emt 0:15:15]} 23. Qe3 {[%emt 0:03:55]} *

[Event "Orsha A 2021"]
[Site "Orsha"]
[Date "2021.04.11"]
[Round "9.5"]
[White "Ulasevich, Sergei"]
[Black "Tsaruk, Maksim"]
[Result "1/2-1/2"]
[WhiteElo "2170"]
[BlackElo "2306"]
[Annotator "TA"]
[PlyCount "156"]
[EventDate "2021.04.06"]
[EventType "swiss"]
[EventCountry "BLR"]
[SourceTitle "playchess.com"]
[Source "ChessBase"]
[SourceQuality "1"]

{[%evp 11,156,0,8,28,13,-16,-38,-24,34,46,39,37,46,41,22,2,4,23,74,65,74,51,63,0,0,-2,159,146,134,147,142,144,272,268,270,-14,-16,-26,-10,-201,-183,-245,-68,-62,0,0,0,0,0,0,6,0,19,14,297,306,270,8,8,8,8,8,8,0,43,45,32,28,68,0,0,0,0,0,0,0,0,0,0,0,0,-7,0,0,0,0,0,0,0,0,0,0,0,0,0,0,-7,-15,-15,-16,-16,-16,0,0,0,0,0,0,0,-6,0,0,-2,-17,-18,-31,-31,-31,-31,-33,-33,-33,-32,-32,-33,-33,-31,-31,-31,-32,-33,-33,-18,-25,0,0,0,-8,-8,-8,-8,-8,0,-3,0,-8,-8]} 1. e4 e5 2. Nf3 Nc6 3. d4 exd4 4. Nxd4 Bc5 5. Nb3 Bb6 6. Nc3 Nf6 (6... d6 {seems wilder.} 7. a4 a6 8. Nd5 Ba7 9. Bg5 Qxg5 10. Nxc7+ Ke7) 7. Qe2 {C45: Scotch Game.} O-O 8. Bg5 h6 9. Bh4 {Black is slightly better.} d6 (9... a5 $11) 10. O-O-O $14 Be6 11. f3 a5 12. a4 Re8 13. g4 Bxb3 14. cxb3 Nd4 (14... Nb4 $11) 15. Qg2 $1 $16 {[#]} Ne6 $146 ({Predecessor:} 15... Nxb3+ 16. Kb1 g5 17. Bc4 Nc5 18. Ne2 gxh4 19. g5 hxg5 20. Qxg5+ Kf8 21. Rhg1 Ne6 22. Bxe6 Rxe6 {½-½ (45) Day,F (1465)-Carpinter,B (1774) Palmerston North 2018}) 16. Nd5 Bd4 17. Rxd4 Nxd4 $11 18. g5 $1 {[%cal Rg5h6]} Nh7 $2 (18... Nxb3+ $6 19. Kb1 $16) (18... Nh5 $1 $11 19. Qg4 g6) 19. gxh6 $16 {[%csl Gh6][%cal Rg2g7]} g5 20. f4 c6 21. fxg5 {Hoping for g6.} cxd5 {[#]} (21... Kh8 $16 22. Nc3 (22. Nf6 Nxb3+ 23. Kc2 Nxf6 $16) 22... Ne6) 22. g6 $1 $18 {[%cal Rg6h7]} Qc7+ {[#]} (22... Nxb3+ $2 23. Kd1 $18) 23. Bc4 $1 {[%mdl 512]} fxg6 $11 24. Qxg6+ Kh8 25. exd5 {[#]} (25. Bf6+ $11 Nxf6 26. Qxf6+ Kh7 27. exd5) 25... Rf8 $1 $19 ({Resist} 25... Nxb3+ 26. Kd1 $15) 26. Kb1 (26. Be1 {was called for.} Rf6 27. Qd3) 26... Qf7 $2 ({Better is} 26... Nf3 $19 27. Bg3 Rf6) 27. Qxd6 $15 Qf4 ({Black should try} 27... Nf3 $15 28. Bg3 Nf6) 28. Qxf4 $11 Rxf4 29. Bg3 Re4 30. Rd1 {Strongly threatening Rxd4!} Nf5 (30... Nf3 {is interesting.} 31. Ka2 Ne5 32. Rd4 Re3 33. Bb5 Nf6) 31. Be1 {[%cal Re1c3]} Ng5 {...Ne3 is the strong threat.} ({But not} 31... Nxh6 $2 32. Bc3+ Kg8 33. Rg1+ Kf8 34. Bg7+ Ke7 35. Bxh6 $18) 32. Bd3 Nd6 $2 {[%mdl 8192]} (32... Rxe1 $11 {and Black is okay.} 33. Rxe1 Nxh6) 33. Bc3+ $18 Kh7 34. Rg1 $2 (34. Rf1 $18) 34... Kxh6 $11 {And now ...Re3 would win.} 35. Bd2 Rg8 36. Bxe4 Ndxe4 37. Bxa5 {Threatens to win with h4.} Rc8 38. Rc1 Ra8 39. Bc7 Kg6 40. Bf4 ({White should play} 40. d6 $14) 40... Kf5 41. Bxg5 (41. Rf1 {is more complex.} Nf7 42. Bc7+ Kg6 43. Re1 Kf5 44. h4) 41... Nxg5 {[%mdl 4096] Endgame KRN-KR} 42. Rc7 Rb8 43. d6 Ne6 $1 {[%cal Re6c7]} 44. Re7 Ke5 45. d7 Rd8 46. Kc2 Kd6 47. Rh7 Nc5 48. Kc3 Nxd7 49. b4 Rf8 50. a5 Rf3+ 51. Kc4 Rf4+ 52. Kb5 Rf5+ 53. Ka4 b5+ 54. axb6 Nxb6+ 55. Ka3 Rf3+ 56. b3 Nc4+ 57. Ka4 Nb2+ 58. Ka3 Nc4+ (58... Nd3 {keeps more tension.} 59. Rh4 Kc7 60. Ka4 Rf1 61. Rh7+ Kd6) 59. Ka4 Nd2 (59... Nb6+ {looks sharper.} 60. Ka3) 60. Rg7 Rxb3 61. Rg3 Rb2 62. Kb5 Ne4 63. Rg6+ Kd5 64. h4 Nd6+ 65. Ka5 Kc6 {[%cal Rb2a2]} 66. Ka4 Rh2 67. Rg4 Rh3 68. Rf4 Rc3 (68... Rh1 {is interesting.} 69. Rg4 Ra1+ 70. Kb3 Rb1+ 71. Ka4 Rh1) 69. Rg4 Rf3 70. Rg6 Rh3 71. Rg4 Nf5 72. Rg5 Nxh4 (72... Ne7 {feels hotter.} 73. Rh5 Rh1 74. b5+ Kb6 75. Kb4 Rb1+) 73. Rh5 {The position is equal.} Rh1 (73... Rh2 {with more complications.} 74. b5+ Kb7 75. Rh7+ Kb6 76. Rh6+ Kc5) 74. Ka3 Kd6 75. Kb2 Rh2+ 76. Kc3 Rh3+ 77. Kc4 Rh2 78. Kb5 Nf3 {Weighted Error Value: White=0.25/Black=0.27} 1/2-1/2

[Event "Orsha A 2021"]
[Site "Orsha"]
[Date "2021.04.11"]
[Round "9.6"]
[White "Agrafenin, Andrey"]
[Black "Egorenkov, Igor"]
[Result "1-0"]
[WhiteElo "2017"]
[BlackElo "2180"]
[Annotator "TA"]
[PlyCount "91"]
[EventDate "2021.04.06"]
[EventType "swiss"]
[EventCountry "BLR"]
[SourceTitle "playchess.com"]
[Source "ChessBase"]
[SourceQuality "1"]

{[%evp 11,91,10,17,16,8,10,65,63,63,32,47,37,39,0,7,7,0,-32,29,-14,14,-17,0,-6,-7,0,-12,-14,0,-16,-13,-35,-18,-34,-30,-31,0,0,10,0,25,17,17,16,24,15,29,29,31,13,64,52,98,87,85,70,183,195,593,589,536,484,1417,1549,1499,1315,29980,29981,29981,29982,29976,1409,1425,1383,29980,29980,29984,29985,29994,29995,29997,29998]} 1. c4 e5 2. g3 Nf6 3. Bg2 d5 4. cxd5 Nxd5 5. Nf3 Nc6 6. O-O Nb6 7. b3 {A20: English Opening: 1...e5.} Be7 {With the idea ...e4.} 8. Bb2 Bf6 (8... f6 $11) 9. Nc3 $14 {White is slightly better.} Bf5 10. d3 O-O 11. Nd2 Be7 {[#]} 12. Nc4 $146 ({Predecessor:} 12. a4 Be6 13. Rb1 f6 14. Nc4 Qd7 15. Nb5 Nd5 16. e4 Nb6 17. f4 a6 18. Nxb6 {0-1 (51) Wong,M (2301)-Murshed,N (2479) Petaling Jaya 2013}) 12... f6 13. Rc1 Qd7 14. Re1 Rab8 (14... Bh3 $15) 15. Ne3 Be6 16. Ne4 Nd4 {[%cal Bc6d4,Bd4b5,Bb5c7][%mdl 32]} 17. Nc5 Bxc5 18. Rxc5 c6 19. Rc1 Nd5 (19... Rbd8 {with more complications.} 20. Nc2 Nb5 21. Qd2 Bh3 22. Rcd1 Nd5) 20. Qd2 Nxe3 21. fxe3 Nb5 22. a4 Nc7 23. b4 Bd5 24. e4 Bb3 25. Ra1 Rbd8 26. Qe3 b5 27. axb5 Nxb5 28. Qc5 Bf7 29. Ra6 $36 {[%mdl 2048] White has the initiative.} Be8 30. h4 h6 ({Better is} 30... Qc8 $11 31. Rea1 Rf7) 31. Kh2 g5 {White now steadily converts the win.} 32. Bh3 g4 33. Bg2 Kg7 {[#]} ({Black should play} 33... h5 $14) 34. d4 $1 $18 {[%cal Rd4e5]} Rf7 $2 (34... exd4 35. e5 fxe5) 35. dxe5 Qd2 {[#]} 36. e6 $1 Qxe1 (36... Qxb2 $142 37. exf7 Bxf7 38. Rxc6 Qe5) 37. exf7 Bxf7 38. Qe7 Rd1 39. Qxf6+ {[%mdl 64] Double Attack} Kf8 40. Qxh6+ Ke7 41. Qg5+ (41. Qf6+ $142 Kf8 42. Qh8+ Ke7 43. Bf6+ Ke6 44. Rxc6+ Nd6 45. Bd4 Qh1+ 46. Bxh1) 41... Kd7 42. Qc5 Rd6 43. e5 {White mates.} Qxe2 44. Rxa7+ Kc8 45. exd6 Bd5 46. d7+ {Weighted Error Value: White=0.09/Black=0.55} 1-0

[Event "Orsha A 2021"]
[Site "Orsha"]
[Date "2021.04.11"]
[Round "9.7"]
[White "Spizharny, Mikhail"]
[Black "Klachkou, Platon"]
[Result "1/2-1/2"]
[WhiteElo "2153"]
[BlackElo "1756"]
[Annotator "TA"]
[PlyCount "81"]
[EventDate "2021.04.06"]
[EventType "swiss"]
[EventCountry "BLR"]
[SourceTitle "playchess.com"]
[Source "ChessBase"]
[SourceQuality "1"]

{[%evp 21,81,18,39,18,43,9,7,0,0,-8,35,38,28,29,32,29,34,23,46,40,47,0,0,0,0,0,0,-8,0,0,15,0,15,16,22,22,22,-51,0,0,2,-11,37,-18,0,-39,-39,-66,-16,-140,-140,-140,-140,-140,-140,-141,-113,-82,0,-158,0,-67]} 1. e4 e5 2. Nf3 Nc6 3. Bb5 a6 4. Ba4 d6 5. d4 exd4 6. Nxd4 Bd7 7. Nxc6 Bxc6 8. Bxc6+ bxc6 9. O-O Nf6 10. c4 Be7 11. Nc3 O-O 12. Re1 {C72: Ruy Lopez: Deferred Steinitz: 5 0-0.} Nd7 {[#]} 13. Bf4 $146 ({Predecessor:} 13. Qa4 c5 14. Nd5 Nb6 15. Nxb6 cxb6 16. Bf4 b5 17. Qc2 bxc4 18. Qxc4 Qb6 19. b3 {0-1 (44) Kupreichik,V (2385)-Kocheev,A (2316) Minsk 2015}) 13... Bf6 14. Qd2 Re8 15. Rad1 Be5 16. Bxe5 Nxe5 17. b3 c5 18. Re3 Nc6 19. Rg3 {Strongly threatening Qh6!} Re6 20. f4 Rg6 21. Nd5 Rxg3 22. hxg3 Nd4 23. Qa5 (23. Qd3 {with more complications.} f6 24. Ne3 Qe8 25. Kf2 a5 26. Rh1) 23... c6 24. Qxd8+ Rxd8 $11 {[%mdl 4096] Endgame KRN-KRN} 25. Nc3 f6 26. Kf2 Kf7 27. Rh1 h6 28. Rh5 Re8 29. Ke3 (29. g4 $11) 29... g6 (29... Kg6 $15 30. Rh1 f5) 30. Rh1 Kg7 31. Kd3 a5 32. Re1 (32. g4 $14) 32... f5 33. Rb1 h5 34. Rh1 Kf6 35. Rh4 {[#]} (35. Re1 $11 {keeps the balance.}) 35... Re6 $1 $17 36. Rh1 {[#]} fxe4+ $1 37. Nxe4+ Kf5 38. Nc3 Kg4 39. Ne4 Kf5 (39... Nf5 $142 {Threatens to win with ...Rxe4!} 40. Rh3 Nd4 41. Rh4+ Kf5 42. g4+ hxg4) 40. Nc3 Kg4 (40... Re7 $17 41. Rf1 Kg4) 41. Ne4 {Weighted Error Value: White=0.23/Black=0.18} 1/2-1/2